Gran Torino

Walt Kowalski, un veterano de la guerra de Corea (1950-1953), es un obrero jubilado del sector del automóvil que ha enviudado recientemente. Su máxima pasión es cuidar de su más preciado tesoro: un coche Gran Torino de 1972. Es un hombre inflexible y cascarrabias, al que le cuesta trabajo asimilar l...

Descripción completa

Guardado en:
Autor Principal: Eastwood, Clint.
Autor Corporativo: Village Roadshow Pictures.
Otros Autores: Guion Nick Schenk., Eastwood, Clint; Reparto., Vang, Bee; Reparto., Her, Ahney; Reparto., Carley, Christopher; Reparto., Moua, Doua; Reparto.
Formato: Deslizar
Idioma:Undetermined
Publicado: Estados Unidos : Warner Bros, 2008.
Materias:
Etiquetas: Agregar Etiqueta
Sin Etiquetas, Sea el primero en etiquetar este registro!
LEADER 01471ngm a22002775a 4500
001 CEM.cems020333
008 230810s2008####xx#---############vlund#d
005 20230810202047.0
245 1 0 |a Gran Torino  |h [videograbación] /  |c Clint Eastwood. 
260 |a Estados Unidos :  |b Warner Bros,  |c 2008. 
300 |a 117'. 
538 |a Soporte: DVD -- Formato: DVD – Peso: 4.36gb -- Resolución: 720 x 480 -- 29.97fps 
500 |a Idioma: Inglés – Subtítulos: Español y Francés. 
590 |a Identificación anterior: 113 
520 |a Walt Kowalski, un veterano de la guerra de Corea (1950-1953), es un obrero jubilado del sector del automóvil que ha enviudado recientemente. Su máxima pasión es cuidar de su más preciado tesoro: un coche Gran Torino de 1972. Es un hombre inflexible y cascarrabias, al que le cuesta trabajo asimilar los cambios que se producen a su alrededor, especialmente la llegada de multitud de inmigrantes asiáticos a su barrio. Sin embargo, las circustancias harán que se vea obligado a replantearse sus ideas. 
100 1 |a Eastwood, Clint. 
700 1 |a Guion Nick Schenk. 
700 1 |a Eastwood, Clint; Reparto. 
700 1 |a Vang, Bee; Reparto. 
700 1 |a Her, Ahney; Reparto. 
700 1 |a Carley, Christopher; Reparto. 
700 1 |a Moua, Doua; Reparto. 
710 2 |a Village Roadshow Pictures. 
653 |a LARGOMETRAJE 
653 |a FICCION 
859 |a CEMS  |b BIB. CEMS - Depto. Recursos Didacticos  |h 778.5  |i EAS-2  |k DRD  |p 3067.23  |t Ej.1